000 00679nam a2200241Ia 4500
003 OSt
005 20220927105846.0
006 a|||||r|||| 00| 0
007 ta
008 220926b |||||||| |||| 00| 0 eng d
024 _a25973
037 _cReference Collections
040 _aRTL
_cRTL
_beng
041 _2eng
_aeng
082 _a"X:54p1.N57, K0;1"
100 _aRobinson E. A. G. Ed.
_9375428
245 0 _aEconomic consequences of the size of nations.
260 _c1960
490 _aInternational Economic Association
650 _aExport
942 _h"X:54p1.N57, K0;1"
_cCC
999 _c694981
_d694981